000 01618nam a22003377a 4500
003 NALT
005 20251125233001.0
008 s2547 th tha d
040 _aNALT
041 _atha
050 _aJQ 38
_bก513 2547
245 0 0 _aการเลือกตั้งในเอเชีย.
260 _aกรุงเทพฯ :
_bสถาบันเอเชียศึกษา,
_c2547
300 _a172 หน้า :
_bตาราง ;
_c26 ซม.
650 0 4 _aการปฏิรูปการเมือง -- ญี่ปุ่น
650 0 4 _aกบฏนักมวย -- จีน
650 0 4 _aสื่อมวลชน -- จีน
650 0 4 _aการเลือกตั้ง -- ศรีลังกา -- 2004
650 0 4 _aการเลือกตั้ง -- อิรัก
650 0 4 _aการเลือกตั้ง -- มาเลเซีย -- 2004
650 0 4 _aการเลือกตั้ง -- ไทย -- 6 ก.พ. 2548
650 0 4 _aการเลือกตั้ง -- อินเดีย
650 0 4 _aการเลือกตั้ง -- อินโดนีเซีย -- 2004
650 0 4 _aการเลือกตั้ง -- ฟิลิปปินส์
650 0 4 _aการเลือกตั้ง -- ไต้หวัน
650 0 4 _aการเลือกตั้ง -- เอเชีย
850 _aNALT
856 4 0 _uhttps://hdl.handle.net/20.500.14156/336715
942 _cGB
_2lcc
999 _c47283
_d47283
998 _j109
_k อารีรัตน์ วิชาช่าง